Capullito : (Record no. 12785)
[ view plain ]
| 000 -CABECERA | |
|---|---|
| campo de control de longitud fija | 01026nam a2200265 a 4500 |
| 001 - NÚMERO DE CONTROL | |
| campo de control | 000013145 |
| 005 - FECHA Y HORA DE LA ÚLTIMA TRANSACCIÓN | |
| campo de control | 20200929163142.0 |
| 008 - DATOS DE LONGITUD FIJA--INFORMACIÓN GENERAL | |
| campo de control de longitud fija | 091120s2007 dr a 000 0 spa d |
| 020 ## - NÚMERO INTERNACIONAL ESTÁNDAR DEL LIBRO | |
| Número Internacional Estándar del Libro | 9945400177 (v. 1) |
| 020 ## - NÚMERO INTERNACIONAL ESTÁNDAR DEL LIBRO | |
| Número Internacional Estándar del Libro | 9945400185 (v. 2) |
| 020 ## - NÚMERO INTERNACIONAL ESTÁNDAR DEL LIBRO | |
| Número Internacional Estándar del Libro | 9945400193 (v .3) |
| 040 ## - FUENTE DE LA CATALOGACIÓN | |
| Centro catalogador/agencia de origen | DO-SdBNP |
| Lengua de catalogación | spa |
| Centro/agencia transcriptor | BNPHU |
| 082 ## - NÚMERO DE LA CLASIFICACIÓN DECIMAL DEWEY | |
| Número de clasificación | xxxx |
| Número de documento/Ítem | C965c |
| 100 1# - ENTRADA PRINCIPAL--NOMBRE DE PERSONA | |
| Nombre de persona | Cuello Orbe, Elisa Ysabel del, |
| 9 (RLIN) | 29584 |
| 245 10 - MENCIÓN DE TÍTULO | |
| Título | Capullito : |
| Resto del título | educación inicial / |
| Mención de responsabilidad, etc. | Cuello del Orbe Elisa Ysabel ; ilustraciones Ramón L. Sandoval. |
| 250 ## - MENCIÓN DE EDICIÓN | |
| Mención de edición | Edición revisada 2007 |
| 260 ## - PUBLICACIÓN, DISTRIBUCIÓN, ETC. | |
| Lugar de publicación, distribución, etc. | Santo Domingo : |
| Nombre del editor, distribuidor, etc. | Actualidad escolar 2000, |
| Fecha de publicación, distribución, etc. | 2007. |
| 300 ## - DESCRIPCIÓN FÍSICA | |
| Extensión | 4 v. : |
| Otras características físicas | il. ; |
| Dimensiones | 21 cm. |
| 490 1# - MENCIÓN DE SERIE | |
| Mención de serie | Renacer |
| 500 ## - NOTA GENERAL | |
| Nota general | La biblioteca solamente posee los ejemplares 1, 2 y 3. |
| 505 0# - NOTA DE CONTENIDO CON FORMATO | |
| Nota de contenido con formato | v. : |
| Título | Mi escuela -- |
| -- | Mi persona -- |
| -- | Las plantas, los alimentos y los animales -- |
| -- | La comunidad local, nacional y el planeta tierra -- |
| -- | Festividades nacionales -- |
| 500 ## - NOTA GENERAL | |
| Nota general | Educación inicial |
| 700 1# - PUNTO DE ACCESO ADICIONAL--NOMBRE DE PERSONA | |
| Nombre de persona | Sandoval, Ramón L., |
| Término indicativo de función/relación | il. |
| 9 (RLIN) | 29585 |
| 830 #0 - PUNTO DE ACCESO ADICIONAL DE SERIE-TÍTULO UNIFORME | |
| Título uniforme | Renacer |
| 9 (RLIN) | 20494 |
| Estado de retiro | Estado de pérdida | Restricciones de uso | No para préstamo | Código de colección | Localización permanente | Ubicación/localización actual | Ubicación en estantería | Fecha de adquisición | Número de inventario | Total de préstamos | Signatura topográfica completa | Código de barras | Fecha visto por última vez | Número de copia | Precio válido a partir de | Tipo de ítem Koha |
|---|---|---|---|---|---|---|---|---|---|---|---|---|---|---|---|---|
| Dominicana de Servicio | General | General | Depósito | 04.12.2009 | LF1 | xxxx C965c | 13145-30 | 25.06.2020 | e. 3 | 25.06.2020 | Libro y Folleto Colección Dominicana de Servicio | |||||
| Excluido de préstamo | Patrimonio Dominicano | Patrimonio Dominicano | Patrimonio Dominicano | Depósito | 20.11.2009 | LF1 | xxxx C965c | 13145-10 | 25.06.2020 | 25.06.2020 | Libro y Folleto Colección Patrimonio Dominicano | |||||
| Excluido de préstamo | Patrimonio Dominicano | Patrimonio Dominicano | Patrimonio Dominicano | Depósito | 04.12.2009 | LF1 | xxxx C965c | 13145-20 | 25.06.2020 | e. 2 | 25.06.2020 | Libro y Folleto Colección Patrimonio Dominicano |
